00761nam a22002297a 450000500170000001000130001702000220003003500130005203700160006504000120008108200170009310000260011024500430013626000430017927000510022230000270027365000260030065000340032694200260036099900190038695201260040520170124110046.0 aA-996428 c45.00a8186190880 aA-996428 bCen Lib/Ret aDPLbEN a796.342bTHA aThani, Lokesh 924581 aHow to play tennis /cby Lokesh Thani  aNew Delhi bSports Publications c2000 bNew Delhi ashiv market , ashok vihar e110052 a48p. ;c21cm(Hb)bill. aGamesxTennis 924582 aSkills and techniques 924583 2ddccENh796.342mTHA c128840d128840 00104070aLbLd2015-07-03eCen Lib/Retg45.00l0o796.342 THApA-996428r2015-07-03 00:00:00t1v45.00w2015-07-03yEN